Teste rápido de matemática - Teste curto de matemática - x 4 - Quiz 19 - Statistics

Estatísticas Gerais
  • Esse quiz foi jogado 49 vezes
  • A pontuação média é 14 de 15
Estatísticas das Respostas
X 4 Resposta % Correto
25 100
100%
26 104
100%
34 136
100%
37 148
100%
11 44
100%
17 68
100%
49 196
97%
54 216
97%
7 28
97%
41 164
97%
63 252
94%
67 268
94%
73 292
91%
39 156
88%
69 276
88%
Nenhum quiz correspondente encontrado
Distribuição das Pontuações
Porcentagem de Pessoas com Cada Pontuação
Percentil de Números Respondidos
Sua Pontuação Histórica
Você não jogou esse quiz